000 00376nam a22001697a 4500
003 MPLRDC
005 20220104123303.0
008 210129b ||||| |||| 00| 0 eng d
082 _a857.7 XXF v.40
100 _a玄小佛著
245 _a残梦
_c
250 _a初版
260 _a
_b环球出版社
_c1979
300 _b
650 _a
942 _cBK
_o857.7 XXF v.40
999 _c10085
_d10075